00569nam a22001817a 450000500170000002000230001703500130004003500130005303500230006603700110008908200130010010000460011324500840015926000710024327000150031430000520032970000060038120181113135945.0 c300.00a8173155674 aB-188576 aB-188600 aB-188597 B-188599 b adpl a613.7046 aआयंगार, बी.के.एस.1 aसभी के लिए योग /cबी.के.एस.आयंगार aदिल्लीbप्रभात प्रकाशनc2005 a b e k  a343पृ.c22सेमी (सजिल्द) a